Представление документа в формате MARC21

Поле Инд. ПП Название Значение
Тип записи a
Библиографический уровень m
001 Контрольный номер 845e8401-8a0c-49d6-9c61-df3a3b6703fa
005 Дата корректировки 20140703144526.1
008 Кодируемые данные 060615
020 c Цена, тираж б/ц
040 a Служба первич. каталог. НБ ТвГУ
041 a Код языка текста rus
080 a Индекс УДК 811.161.1'38(043.3)
084 a Индекс другой классификации/Индекс ББК Ш141.12-71я031
090 x Авторский знак П21
a Полочн. индекс Ш141.12
100 1_ a Автор Паули Юлия Сергеевна
245 10 a Заглавие Анафоническая доминанта идиостиля Н.А. Бардяева
b Продолж. заглавия на материале филос. трактата "Смысл творчества. Опыт оправдания человека" : автореф. дис. ... канд. филол. наук : 10.02.01
c Ответственность Кемер. гос. ун-т, Каф. стилистики и риторики
260 0_ a Место издания Кемерово
b Издательство Кузбассвузиздат
c Дата издания 2006
300 a Объем 24 с.
500 a Примечание На правах рукоп.
504 a Библиография Библиогр. в конце кн.
583 a Действие Получение впервые 229 14.06.2006
650 a Основная рубрика Русский язык
x Основная подрубрика Стилистика
x Основная подрубрика Писателей язык
653 a Ключевые слова Русский язык
a Ключевые слова Стилистика русскогоя зыка
a Ключевые слова Идиостиль языковой личности
a Ключевые слова Язык Бердяева
a Ключевые слова Авторефераты
852 t Порядковый номер экземпляра 1
p Инвентарный номер б/н
888 a Бесплатные
930 a Новая/Ретро авторефераты
952 p 229.2006 б/ц 1 б/н
c Вид литературы А/Р н
954 a Дата поступления на обработку 20060623
999 a Подразделение 2 ч.з.